<?xml version="1.0" encoding="UTF-8"?>
<record
    xmlns:xsi="http://www.w3.org/2001/XMLSchema-instance"
    xsi:schemaLocation="http://www.loc.gov/MARC21/slim http://www.loc.gov/standards/marcxml/schema/MARC21slim.xsd"
    xmlns="http://www.loc.gov/MARC21/slim">

  <leader>00796nam a22002177a 4500</leader>
  <controlfield tag="003">UA-OsUOA</controlfield>
  <controlfield tag="001"> 70743 </controlfield>
  <controlfield tag="007">ta</controlfield>
  <controlfield tag="008">20100914b un ||||| |||| 00| 0 ukr d</controlfield>
  <datafield tag="100" ind1=" " ind2=" ">
    <subfield code="a">&#x41F;&#x430;&#x43D;&#x447;&#x435;&#x43D;&#x43A;&#x43E; &#x412;.</subfield>
  </datafield>
  <datafield tag="090" ind1=" " ind2=" ">
    <subfield code="a">82</subfield>
    <subfield code="b">&#x41F;16</subfield>
  </datafield>
  <datafield tag="942" ind1=" " ind2=" ">
    <subfield code="c">SA</subfield>
  </datafield>
  <datafield tag="040" ind1=" " ind2=" ">
    <subfield code="a">UA-OsUOA</subfield>
    <subfield code="b">ukr</subfield>
    <subfield code="c">UA-OsUOA</subfield>
    <subfield code="d">UA-OsUOA</subfield>
  </datafield>
  <datafield tag="245" ind1=" " ind2=" ">
    <subfield code="a">&#x41F;&#x435;&#x442;&#x440;&#x43E; &#x41C;&#x430;&#x440;&#x442;&#x43E;&#x441;, &#x432;&#x438;&#x434;&#x430;&#x432;&#x435;&#x446;&#x44C; "&#x41A;&#x43E;&#x431;&#x437;&#x430;&#x440;&#x44F;". 170 &#x440;&#x43E;&#x43A;&#x456;&#x432; &#x442;&#x43E;&#x43C;&#x443; &#x41A;&#x43E;&#x448;&#x442;&#x43E;&#x43C;&#x41F;&#x435;&#x442;&#x440;&#x430; &#x41C;&#x430;&#x440;&#x442;&#x43E;&#x441;&#x430; &#x43F;&#x43E;&#x431;&#x430;&#x447;&#x438;&#x43B;&#x43E; &#x441;&#x432;&#x456;&#x442; &#x43F;&#x435;&#x440;&#x448;&#x435; &#x432;&#x438;&#x434;&#x430;&#x43D;&#x43D;&#x44F; &#x428;&#x435;&#x432;&#x447;&#x435;&#x43D;&#x43A;&#x43E;&#x432;&#x43E;&#x433;&#x43E; "&#x41A;&#x43E;&#x431;&#x437;&#x430;&#x440;&#x44F;". &#x410;&#x43B;&#x435; &#x445;&#x442;&#x43E; &#x432;&#x456;&#x43D; - &#x442;&#x43E;&#x439; &#x41F;&#x435;&#x442;&#x440;&#x43E; &#x406;&#x432;&#x430;&#x43D;&#x43E;&#x432;&#x438;&#x447; &#x41C;&#x430;&#x440;&#x442;&#x43E;&#x441;?</subfield>
  </datafield>
  <datafield tag="300" ind1=" " ind2=" ">
    <subfield code="a">&#x421;.8</subfield>
  </datafield>
  <datafield tag="955" ind1=" " ind2=" ">
    <subfield code="a">0</subfield>
  </datafield>
  <datafield tag="041" ind1=" " ind2=" ">
    <subfield code="a">ukr</subfield>
  </datafield>
  <datafield tag="080" ind1=" " ind2=" ">
    <subfield code="a">82</subfield>
  </datafield>
  <datafield tag="773" ind1="0" ind2=" ">
    <subfield code="w">70741</subfield>
  </datafield>
  <datafield tag="650" ind1=" " ind2="7">
    <subfield code="a">82 &#x41B;&#x456;&#x442;&#x435;&#x440;&#x430;&#x442;&#x443;&#x440;&#x430;. &#x41B;&#x456;&#x442;&#x435;&#x440;&#x430;&#x442;&#x443;&#x440;&#x43E;&#x437;&#x43D;&#x430;&#x432;&#x441;&#x442;&#x432;&#x43E;</subfield>
    <subfield code="2">UDC</subfield>
  </datafield>
  <datafield tag="999" ind1=" " ind2=" ">
    <subfield code="c">357016</subfield>
    <subfield code="d">357016</subfield>
  </datafield>
</record>
